LEADER 01079nam--2200349---450- 001 990002843990203316 005 20061207113236.0 035 $a000284399 035 $aUSA01000284399 035 $a(ALEPH)000284399USA01 035 $a000284399 100 $a20061207d1799----km-y0itay50------ba 101 $alat 102 $aIT 105 $a||||||||001yy 200 1 $aOratio in Neapolitano Archigymnasio pro solomni studiorum instauratione habita 8. Kal. december an. 1799$fDomenico Sarno 210 $aNeapoli$cex tyois J.Giaccio$d1799 215 $a16 p.$d24 cm 410 0$12001 454 1$12001 461 1$1001-------$12001 606 0 $aLegge canonica 676 $a262 700 1$aSARNO,$bDomenico$0118738 801 0$aIT$bsalbc$gISBD 912 $a990002843990203316 951 $a262 SAR$b4943 DITESI (armadio 2 I n.399) 959 $aBK 969 $aDITESI 979 $aDITESI$b10$c20061207$lUSA01$h1132 996 $aOratio in Neapolitano Archigymnasio pro solomni studiorum instauratione habita 8. Kal. december an. 1799$9993198 997 $aUNISA LEADER 01884nam0 22003733i 450 001 VAN00256128 005 20251212014007.430 017 70$2N$a9783642354137 100 $a20230323d2013 |0itac50 ba 101 $aeng 102 $aDE 105 $a|||| ||||| 181 $ai$b e 182 $ab 183 $acr 200 1 $aIn-situ Small-Angle X-ray Scattering Investigation of Transient Nanostructure of Multi-phase Polymer Materials Under Mechanical Deformation$eDoctoral Thesis accepted by the University of Hamburg, Germany$fAhmad Zeinolebadi 210 $aHeidelberg$cSpringer$d2013 215 $aXVI, 106 p.$cill.$d24 cm 410 1$1001VAN00104193$12001 $aSpringer theses$erecognizing outstanding Ph.D. research$1210 $aBerlin$cSpringer$d2010- 620 $aDE$dHeidelberg$3VANL000282 676 $a530.41$cFisica dello stato solido$v22 676 $a620.192$cPolimeri$v22 676 $a620.1$cScienze dei materiali$v22 676 $a620.14$cCeramica e materiali affini$v22 700 1$aZeinolebadi$bAhmad$3VANV209460$01060869 712 $aSpringer $3VANV108073$4650 801 $aIT$bSOL$c20251219$gRICA 856 4 $uhttps://link.springer.com/openurl?genre=book&isbn=978-3-642-35413-7$zE-book - Accesso al full-text attraverso riconoscimento IP di Ateneo, proxy e/o Shibboleth 899 $aBIBLIOTECA DEL DIPARTIMENTO DI SCIENZE E TECNOLOGIE AMBIENTALI BIOLOGICHE E FARMACEUTICHE$1IT-CE0101$2VAN17 912 $fN 912 $aVAN00256128 950 $aBIBLIOTECA DEL DIPARTIMENTO DI SCIENZE E TECNOLOGIE AMBIENTALI BIOLOGICHE E FARMACEUTICHE$d17CONS e-book 2304 $e17BIB2304/126 126 20230323 $sBuono 996 $aIn-situ Small-Angle X-ray Scattering Investigation of Transient Nanostructure of Multi-phase Polymer Materials Under Mechanical Deformation$92515993 997 $aUNICAMPANIA